书目信息 |
| 题名: |
信息素养修炼教程
|
|
| 作者: | 吴建华 主编 | |
| 分册: | ||
| 出版信息: | 北京 科学出版社 2020.07 |
|
| 页数: | xi, 188页 | |
| 开本: | 26cm | |
| 丛书名: | 电子商务系列教材 | |
| 单 册: | ||
| 中图分类: | G254.97 | |
| 科图分类: | ||
| 主题词: | 信息素养--xin xi su yang--教材 | |
| 电子资源: | ||
| ISBN: | 978-7-03-065533-2 | |
| 000 | 00977nam 2200265 450 | |
| 001 | 0100028907 | |
| 005 | 20211025120159.0 | |
| 010 | @a978-7-03-065533-2@dCNY45.00 | |
| 100 | @a20200812d2020 em y0chiy50 ea | |
| 101 | 0 | @achi |
| 102 | @aCN@b110000 | |
| 105 | @ay a 000yy | |
| 106 | @ar | |
| 200 | 1 | @a信息素养修炼教程@Axin xi su yang xiu lian jiao cheng@f主编吴建华 |
| 210 | @a北京@c科学出版社@d2020.07 | |
| 215 | @axi, 188页@d26cm | |
| 225 | 2 | @a电子商务系列教材@Adian zi shang wu xi lie jiao cai |
| 320 | @a有书目 | |
| 330 | @a本书共10章, 具体内容包括信息社会与信息素养、信息源、信息组织与信息检索、互联网开放信息资源及其检索、常用文献数据库、文献信息收集与管理、文献信息的分析与评价、批判性阅读与写作、学术论文写作、学术规范与学术不端。 | |
| 410 | 0 | @12001 @a电子商务系列教材 |
| 606 | 0 | @a信息素养@Axin xi su yang@j教材 |
| 690 | @aG254.97@v5 | |
| 701 | 0 | @a吴建华@Awu jian hua@4主编 |
| 801 | 0 | @aCN@c20210909 |
| 905 | @a河南城建学院图书馆@dG254.97@eW802 | |
| 信息素养修炼教程/主编吴建华.-北京:科学出版社,2020.07 |
| xi, 188页;26cm.-(电子商务系列教材) |
| ISBN 978-7-03-065533-2:CNY45.00 |
| 本书共10章, 具体内容包括信息社会与信息素养、信息源、信息组织与信息检索、互联网开放信息资源及其检索、常用文献数据库、文献信息收集与管理、文献信息的分析与评价、批判性阅读与写作、学术论文写作、学术规范与学术不端。 |
| ● |
| 相关链接 |
|
|
|
正题名:信息素养修炼教程
索取号:G254.97/W802
 
预约/预借
| 序号 | 登录号 | 条形码 | 馆藏地/架位号 | 状态 | 备注 |
| 1 | 1546236 | 215462363 | 社科库409/409社科库 59排6列3层/ [索取号:G254.97/W802] | 在馆 | |
| 2 | 1546237 | 215462372 | 社科库409/ [索取号:G254.97/W802] | 在馆 | |
| 3 | 1546238 | 215462381 | 社科库409/409社科库 59排6列3层/ [索取号:G254.97/W802] | 在馆 |